Corrosion engineering (Record no. 1267)

000 -LEADER
fixed length control field 00569nam a22002177a 4500
001 - CONTROL NUMBER
control field 1267
003 - CONTROL NUMBER IDENTIFIER
control field BD-DhUET
008 - FIXED-LENGTH DATA ELEMENTS--GENERAL INFORMATION
fixed length control field 140902b xxu||||| |||| 00| 0 eng d
020 ## - INTERNATIONAL STANDARD BOOK NUMBER
International Standard Book Number 9789848725085
040 ## - CATALOGING SOURCE
Transcribing agency 0
Modifying agency BD-DhUET
082 ## - DEWEY DECIMAL CLASSIFICATION NUMBER
Classification number 620.1122
Item number NOO/2009
100 ## - MAIN ENTRY--PERSONAL NAME
Personal name Nooruddin Ahmed
245 ## - TITLE STATEMENT
Title Corrosion engineering
Remainder of title an introductory text
250 ## - EDITION STATEMENT
Edition statement 1st ed.
260 ## - PUBLICATION, DISTRIBUTION, ETC. (IMPRINT)
Place of publication, distribution, etc. Dhaka
Name of publisher, distributor, etc. N. Ahmed and I. Mahmud
Date of publication, distribution, etc. 2009
300 ## - PHYSICAL DESCRIPTION
Extent xviii, 261 p.
504 ## - BIBLIOGRAPHY, ETC. NOTE
Bibliography, etc Includes bibliographies
650 #0 - SUBJECT ADDED ENTRY--TOPICAL TERM
Topical term or geographic name as entry element Corrosion and anti-Corrosion
700 ## - ADDED ENTRY--PERSONAL NAME
Personal name Iqbal Mahmud
942 ## - ADDED ENTRY ELEMENTS (KOHA)
Koha item type General Book
Holdings
Copy number Not for loan Piece designation (barcode) Lost status Date acquired Location (home branch) Koha date last seen Sublocation or collection (holding branch) Koha item type Price effective from Koha issues (times borrowed) Damaged status Koha full call number Koha date last borrowed Source of classification or shelving scheme Koha out on loan Withdrawn status Shelving location Koha normalized classification for sorting
8 107513 2014-09-02Central Library, BUET2021-08-28Central Library, BUETGeneral Book2014-09-022 620.1122/NOO/20092021-08-28   Circulation section620_000000000000000_1122NOO200
8 107507 2014-09-02Central Library, BUET2021-09-06Central Library, BUETGeneral Book2014-09-0225 620.1122/NOO/20092021-09-06   Circulation section620_000000000000000_1122NOO200
8 107508 2014-09-02Central Library, BUET2021-08-28Central Library, BUETGeneral Book2014-09-021 620.1122/NOO/20092021-08-28   Circulation section620_000000000000000_1122NOO200
  107506 2014-09-02Central Library, BUET2021-08-28Central Library, BUETGeneral Book2014-09-021 620.1122/NOO/20092021-08-28   Circulation section620_000000000000000_1122NOO200
  107512 2014-09-02Central Library, BUET2021-08-28Central Library, BUETGeneral Book2014-09-021 620.1122/NOO/20092021-08-28   Circulation section620_000000000000000_1122NOO200
  107509 2014-09-02Central Library, BUET2025-12-01Central Library, BUETGeneral Book2014-09-025 620.1122/NOO/20092025-12-01 2025-12-15 Circulation section620_000000000000000_1122NOO200
  107505 2014-09-02Central Library, BUET2024-10-21Central Library, BUETGeneral Book2014-09-0238 620.1122/NOO/20092024-10-21   Circulation section620_000000000000000_1122NOO200
  107511 2014-09-02Central Library, BUET2021-08-28Central Library, BUETGeneral Book2014-09-021 620.1122/NOO/20092021-08-28   Circulation section620_000000000000000_1122NOO200
  107504 2014-09-02Central Library, BUET2021-08-28Central Library, BUETGeneral Book2014-09-021 620.1122/NOO/20092021-08-28   Circulation section620_000000000000000_1122NOO200
1 107510 2010-01-13Central Library, BUET2021-08-28Central Library, BUETGeneral Book2018-04-281 620.1122/NOO/20092021-08-28   Circulation section620_112200000000000_NOO_2009